Dans quelles franchises a joué Russell Westbrook ? - Statistiques

Statistiques générales
  • Ce quiz a été pris 22 fois
  • Le résultat moyen est 6 sur 7
Statistiques - réponses
Conférence Années Franchise % Correct
West 2008-2019 Oklahoma City Thunder
100%
West 2021-2023 Los Angeles Lakers
90%
West 2024-2025 Denver Nuggets
86%
West 2019-2020 Houston Rockets
86%
West 2025-2026 Sacramento Kings
86%
Est 2020-2021 Washington Wizards
86%
West 2023-2024 Los Angeles Clippers
76%
Aucun quiz correspondant
Distribution des résultats
% des personnes avec chaque résultat
Percentile par nombre de réponses
Votre historique - résultats
Vous n’avez pas pris ce quiz